West End activity plumets (Record no. 70261)
[ view plain ]
| 000 -LEADER | |
|---|---|
| fixed length control field | 00958cam a2200217 4500 |
| 001 - CONTROL NUMBER | |
| control field | WB3818-24 |
| 008 - FIXED-LENGTH DATA ELEMENTS--GENERAL INFORMATION | |
| fixed length control field | 020515n2002 000 0 eng u |
| 035 ## - SYSTEM CONTROL NUMBER | |
| System control number | (Sirsi) u117974 |
| 245 ## - TITLE STATEMENT | |
| Title | West End activity plumets |
| 260 ## - PUBLICATION, DISTRIBUTION, ETC. | |
| Date of publication, distribution, etc. | 2002 |
| 490 ## - SERIES STATEMENT | |
| Series statement | Savills Press Release |
| Volume/sequential designation | 9 May 2002, (1) |
| 520 ## - SUMMARY, ETC. | |
| Summary, etc. | FPD Savills commercial investment team shows investment activity in the West End of London during the first quarter of 2002 has fallen to levels not seen since the early 1990s. Only £350m of property was changed in this area during the opening three months of the year. For the FPD Savills release: http://www.fpdsavills.co.uk/printer_friendly_version.asp?filePath=d:\savillscms\output\content\uber_news\1872.htm |
| 590 ## - LOCAL NOTE (RLIN) | |
| Local note | WB |
| 650 ## - SUBJECT ADDED ENTRY--TOPICAL TERM | |
| Topical term or geographic name entry element | FPD SAVILLS |
| 650 ## - SUBJECT ADDED ENTRY--TOPICAL TERM | |
| Topical term or geographic name entry element | LONDON |
| 650 ## - SUBJECT ADDED ENTRY--TOPICAL TERM | |
| Topical term or geographic name entry element | WEST END OF LONDON |
| 650 ## - SUBJECT ADDED ENTRY--TOPICAL TERM | |
| Topical term or geographic name entry element | INVESTMENT ACTIVITY |
| 650 ## - SUBJECT ADDED ENTRY--TOPICAL TERM | |
| Topical term or geographic name entry element | INVESTOR DEMAND |
| 690 ## - LOCAL SUBJECT ADDED ENTRY--TOPICAL TERM (OCLC, RLIN) | |
| Topical term or geographic name as entry element | PROPERTY MANAGEMENT-COMMERCIAL PROPERTY |
| 942 ## - ADDED ENTRY ELEMENTS (KOHA) | |
| Suppress in OPAC | 0 |
| Withdrawn status | Lost status | Source of classification or shelving scheme | Damaged status | Not for loan | Home library | Current library | Shelving location | Date acquired | Total Checkouts | Full call number | Barcode | Date last seen | Copy number | Price effective from | Koha item type |
|---|---|---|---|---|---|---|---|---|---|---|---|---|---|---|---|
| Dewey Decimal Classification | London | London | News article | 15/05/2002 | WB3818-24 | 117974-1001 | 06/08/2019 | 1 | 06/08/2019 | News article |